|
|
|
|
| LEADER |
01787cas a2200253 a 4500 |
| 001 |
AALejournalIMF005345 |
| 008 |
230101c9999 xx r poo 0 0eng d |
| 020 |
|
|
|c 5.00 USD
|
| 020 |
|
|
|z 9781451870701
|
| 022 |
|
|
|a 1018-5941
|
| 040 |
|
|
|a BD-DhAAL
|c BD-DhAAL
|
| 100 |
1 |
|
|a Minoiu, Camelia.
|
| 245 |
1 |
0 |
|a Mauritius :
|b A Competitiveness Assessment /
|c Camelia Minoiu, Patrick Imam.
|
| 264 |
|
1 |
|a Washington, D.C. :
|b International Monetary Fund,
|c 2008.
|
| 300 |
|
|
|a 1 online resource (33 pages)
|
| 490 |
1 |
|
|a IMF Working Papers
|
| 500 |
|
|
|a <strong>Off-Campus Access:</strong> No User ID or Password Required
|
| 500 |
|
|
|a <strong>On-Campus Access:</strong> No User ID or Password Required
|
| 506 |
|
|
|a Electronic access restricted to authorized BRAC University faculty, staff and students
|
| 520 |
3 |
|
|a We assess the competitiveness of Mauritius in recent years using two approaches. First, we estimate the difference between the equilibrium and the actual real exchange rate using four methods: the macroeconomic balance approach, the single-equation fundamentals approach, the capital-enhanced approach, and the external sustainability approach. The methods consistently suggest that at the end of 2007 the exchange rate was aligned with its equilibrium value. Second, we undertake a comparative analysis of structural competitiveness indicators and find that Mauritius often fares better on business climate than other small island economies and high-growth Asian economies. Nevertheless, there are areas for improvement.
|
| 538 |
|
|
|a Mode of access: Internet
|
| 700 |
1 |
|
|a Imam, Patrick.
|
| 830 |
|
0 |
|a IMF Working Papers; Working Paper ;
|v No. 2008/212
|
| 856 |
4 |
0 |
|z Full text available on IMF
|u http://elibrary.imf.org/view/journals/001/2008/212/001.2008.issue-212-en.xml
|z IMF e-Library
|